000 00301nam a2200121Ia 4500
008 220901s9999||||xx |||||||||||||| ||und||
082 _a520 BAL
100 _aBalaram, P.
245 0 _aCurrent science
250 _aVol.78 Issue 4, 6 & 7
260 _bIndian Academy Science
_c2001
650 _aPhysics
999 _c193950
_d193950